00506nam a2200181Ia 4500003000400000008004100004040001600045082002100061100001800082245009000100700002500190260003700215300000900252650001100261650001300272650001800285650002100303GCL140319s9999 xx 000 0 eng d aGCL / cGCL04aCHb631.546bW I1 aWALTON, SALLY10aI CAN GROW THINGS: HOW TO GROW ACTIVITY PROJECTS FOR THE VERY YOUNG / cWALTON, SALLY1 aDONALDSON, STEPHANIE a[S.N] : bLORENZ BOOKS ، c1993 a41 P04aGROWTH04aCHILDREN04aGROWTH PLANTS04aCHILDREN - BOOKS